00352nam a2200133Ia 4500008004100000020001500041041001200056082001600068100002000084245005300104260004500157300000800202650000800210221030s9999 xx 000 0 und d a019513477X aEnglish a105.23bSad aM. N. O. Sadiku 0aElements of Electromagneticscby M. N. O. Sadiku bOxford University PressaNew Delhic2003 a765 aEMT